「津」がつく駅 - Statistics

General Stats
  • This quiz has been taken 66 times
  • The average score is 54 of 201
Answer Stats
Hint Answer % Correct
三重県
98%
滋賀県 大津
97%
大阪府 津田
76%
新潟県 新津
75%
福島県 会津若松
69%
愛知県 津島
69%
千葉県 津田沼
69%
岡山県 津山
69%
大分県 | 大阪府 中津
68%
滋賀県 大津京
66%
京都府 | 神奈川県 高津
64%
三重県 津新町
64%
福島県 会津田島
58%
広島県 | 滋賀県 草津
58%
福島県 会津坂下
56%
静岡県 河津
53%
千葉県 京成津田沼
53%
京都府 | 兵庫県 木津
51%
滋賀県 びわ湖浜大津
51%
静岡県 興津
49%
岐阜県 中津川
49%
岡山県 東津山
49%
千葉県 新津田沼
47%
新潟県 津川
47%
青森県 津軽新城
46%
石川県 津幡
46%
京都府 宮津
46%
茨城県 大津港
44%
島根県 江津
44%
青森県 津軽五所川原
44%
神奈川県 国府津
42%
滋賀県 南草津
42%
大阪府 木津川
41%
大阪府 摂津
41%
青森県 津軽中里
41%
青森県 津軽二股
41%
神奈川県 津田山
41%
福島県 会津高原尾瀬口
39%
東京都 秋津
39%
佐賀県 唐津
39%
滋賀県 近江塩津
37%
兵庫県 摂津本山
37%
神奈川県 長津田
37%
佐賀県 西唐津
37%
福島県 会津柳津
36%
兵庫県 | 大分県 今津
36%
滋賀県 京阪大津京
36%
東京都 新秋津
36%
神奈川県 新大津
36%
静岡県 沼津
36%
千葉県 木更津
34%
岡山県 津山口
34%
群馬県 長野原草津口
34%
静岡県 焼津
34%
香川県 宇多津
32%
千葉県 君津
32%
香川県 多度津
32%
愛知県 愛知御津
31%
福島県 会津高田
31%
大阪府 | 岐阜県 石津
31%
滋賀県 大津市役所前
31%
青森県 奥津軽いまべつ
31%
神奈川県 京急大津
31%
大阪府 摂津市
31%
東京都 根津
31%
福島県 会津下郷
29%
滋賀県 近江今津
29%
大阪府 摂津富田
29%
新潟県 津南
29%
石川県 中津幡
29%
静岡県 西焼津
29%
山梨県 四方津
27%
青森県 津軽湯の沢
27%
大分県 津久見
27%
島根県 津和野
27%
佐賀県 東唐津
27%
千葉県 谷津
27%
島根県 温泉津
27%
京都府 木津川台
25%
兵庫県 佐津
25%
和歌山県 下津
25%
大分県 東中津
25%
福島県 会津大塩
24%
福島県 会津本郷
24%
福島県 会津宮下
24%
広島県 安芸津
24%
大阪府 泉大津
24%
富山県 魚津
24%
岩手県 津軽石
24%
新潟県 直江津
24%
宮城県 | 岐阜県 柳津
24%
静岡県 鷲津
24%
福島県 会津荒海
22%
福島県 会津塩沢
22%
福島県 会津豊川
22%
福島県 会津長野
22%
大分県 天津
22%
滋賀県 | 石川県 粟津
22%
青森県 津軽宮田
22%
熊本県 津奈木
22%
大阪府 | 福岡県 豊津
22%
京都府 西木津
22%
新潟県 東新津
22%
福島県 会津坂本
20%
福島県 会津中川
20%
福島県 会津西方
20%
福島県 会津桧原
20%
福島県 会津横田
20%
千葉県 上総興津
20%
長崎県 喜々津
20%
千葉県 志津
20%
青森県 津軽浜名
20%
香川県 津島ノ宮
20%
富山県 電鉄魚津
20%
熊本県 肥後大津
20%
石川県 本津幡
20%
大阪府 南摂津
20%
福島県 会津水沼
19%
千葉県 安房天津
19%
三重県 伊勢奥津
19%
京都府 近鉄宮津
19%
富山県 新魚津
19%
青森県 津軽大沢
19%
神奈川県 津久井浜
19%
愛知県 三河塩津
19%
愛媛県 三津
19%
福島県 会津山村道場
17%
大阪府 石津川
17%
福岡県 海老津
17%
茨城県 小木津
17%
愛知県 貝津
17%
愛知県 木津用水
17%
大阪府 津久野
17%
島根県 都野津
17%
大阪府 津守
17%
福島県 会津蒲生
15%
鳥取県 大篠津町
15%
広島県 草津南
15%
青森県 津軽尾上
15%
三重県 豊津上野
15%
和歌山県 見老津
15%
福島県 会津越川
14%
宮崎県 大堂津
14%
岡山県 吉備津
14%
群馬県 津久田
14%
京都府 保津峡
14%
愛媛県 三津浜
14%
宮崎県 油津
12%
佐賀県 牛津
12%
愛知県 上前津
12%
群馬県 群馬大津
12%
大阪府 郡津
12%
香川県 讃岐津田
12%
青森県 津軽飯詰
12%
鳥取県 津ノ井
12%
富山県 西魚津
12%
新潟県 古津
12%
京都府 久津川
10%
山口県 通津
10%
福岡県 津福
10%
山形県 津谷
10%
三重県 船津
10%
三重県 平津
10%
宮崎県 美々津
10%
三重県 伊賀上津
8%
島根県 大津町
8%
千葉県 公津の杜
8%
福岡県 津古
8%
愛媛県 梅津寺
8%
福岡県 新豊津
7%
静岡県 須津
7%
長野県 滑津
7%
愛知県 米津
7%
新潟県 粟生津
5%
大阪府 石津北
5%
島根県 石見津田
5%
富山県 笹津
5%
長崎県 島原船津
5%
島根県 津ノ森
5%
京都府 トロッコ保津峡
5%
茨城県 常陸津田
5%
三重県 比津
5%
秋田県 八津
5%
鹿児島県 米ノ津
3%
高知県 土佐大津
3%
山口県 仁保津
3%
岐阜県 美濃津屋
3%
京都府 夕日ヶ浦木津温泉
3%
京都府 下天津
2%
福島県 近津
2%
愛知県 老津
0%
高知県 古津賀
0%
No matching quizzes found
Score Distribution
Percent of People with Each Score
Percentile by Number Answered
Your Score History
You have not taken this quiz